Giáo trình cơ kỹ thuật : (Dùng trong các trường THCN)

Giáo trình gồm 3 phần với 18 chương trình bày các vấn đề về cơ học vật rắn tuyệt đối, cơ học vật rắn biến dạng, nguyên lý máy

সংরক্ষণ করুন:
গ্রন্থ-পঞ্জীর বিবরন
প্রধান লেখক: Nguyễn, Quang Tuyến
বিন্যাস: গ্রন্থ
ভাষা:Undetermined
প্রকাশিত: Hà Nội Nhà xuất bản Hà Nội 2005
বিষয়গুলি:
ট্যাগগুলো: ট্যাগ যুক্ত করুন
কোনো ট্যাগ নেই, প্রথমজন হিসাবে ট্যাগ করুন!
Thư viện lưu trữ: Trung tâm Học liệu Trường Đại học Cần Thơ
LEADER 00826nam a2200217Ia 4500
001 CTU_95198
008 210402s9999 xx 000 0 und d
020 |c 25000 
082 |a 620.1 
082 |b T527 
100 |a Nguyễn, Quang Tuyến 
245 0 |a Giáo trình cơ kỹ thuật : 
245 0 |b (Dùng trong các trường THCN) 
245 0 |c Nguyễn Quang Tuyến 
260 |a Hà Nội 
260 |b Nhà xuất bản Hà Nội 
260 |c 2005 
520 |a Giáo trình gồm 3 phần với 18 chương trình bày các vấn đề về cơ học vật rắn tuyệt đối, cơ học vật rắn biến dạng, nguyên lý máy 
650 |a Mechanics, applied 
904 |i Minh 
980 |a Trung tâm Học liệu Trường Đại học Cần Thơ